000 01210njm a2200325 c 4500
003 BLK
005 20180421002435.0
008 180410b bul||n||s|||||||| n|bulo|
010 _aCDD00003194000
040 _aBLK
041 _aENG
_cENG
_hBUL
080 _aАнглийски език
_b811.111
_x(075.9)
_z811.111(075.9)
139 _aЕвропейски езикови сертификати TELC [CD аудио]
_bЕ 20
245 1 0 _aЕвропейски езикови сертификати TELC [CD аудио]
_bStart English : Certificate in English Level A1 : Упражнения и Примерен тест
257 _aBGR
260 Варна
_bRelaxa
_c2001
300 _a(12 мин. 43 сек.)
_c12 см
380 _a80
500 _aКъм книга със сигн. Цб ІІ 15289, Ч3 802.0/Е 20
590 _aS.N: 84824 от КНИГИ
650 4 _aАнглийски език - тестове - TELC
_9299616
653 _aанглийски език
653 _aтестове
653 _aTELC
852 _aЦб CD 1809
_p0
856 4 _qpdf
_u
856 4 _qpdf
_u
942 _cCDD
_n0
944 _aCR
_c14.08.2008
_kТеодора_Стоянова
944 _aED
_c27.08.2008
_k
999 _c220724
_d220724